000 00463nam a2200193 a 4500
001 BRCA_2008
005 20190320203632.0
008 170608s1893----fr-#######---#000-0#fre-#
041 _afre
044 _afr
050 4 _aPQ2030
_b.R67
_c1883
245 1 0 _aOeuvres completes de J. J. Rosseau
260 _aParĂ­s
_bHachette
_c1893
300 _a391 p. (v.13)
_c18 cm.
500 _aI2
650 1 4 _aLiteratura francesa
_96151
902 _aGFM
942 _2lcc
_cB
999 _c1775
_d1775